000 00220 a2200097 4500
001 29817
100 _aHigman
245 _acomparative Study of Programming Languages
260 _a
_bMacdonald
_c
090 _c19833
_d19833
942 _aNUST-CAE
_cM
_c10928
999 _c264890
_d264890